[Event "195th open MGU"]
[Site "Sofia"]
[Date "2017.11.04"]
[Round "1.1"]
[White "Georgiev, Nikolay Zh."]
[Black "Gelemerov, Yane"]
[Result "0-1"]
[WhiteElo "1588"]
[BlackElo "1918"]
[PlyCount "74"]
[EventDate "2017.11.04"]
[EventType "swiss"]
[EventRounds "6"]
[EventCountry "BUL"]
[SourceDate "2008.07.28"]

1. e4 e5 2. Nc3 Bc5 3. Nf3 Nc6 4. Nxe5 Bxf2+ 5. Kxf2 Nxe5 6. d4 Nc6 7. Be3 d6
8. Bc4 Nf6 9. h3 O-O 10. Rf1 Nxe4+ 11. Nxe4 d5 12. Bd3 $146 ({RR} 12. Bxd5 Qxd5
13. Nc3 Qf5+ 14. Kg1 Qg6 15. Kh2 Ne7 16. Bf4 c6 17. Qd2 Bf5 18. Rf2 Rad8 19.
Ne2 Nd5 20. c3 Nxf4 21. Nxf4 Qd6 22. Kg1 Bc8 23. Nd3 f6 24. Re1 Rfe8 25. Rfe2
Rxe2 26. Rxe2 Bf5 {
Kolev,L (1866)-Gelemerov,Y (2036)/Sofia 2016/CBM 171 Extra/1/2 (76)}) 12...
dxe4 13. Bxe4 Qh4+ 14. Kf3 Re8 15. Bxc6 bxc6 16. Qd3 Be6 17. Rf2 Rad8 18. Ke2
c5 19. Kf1 Bxh3 20. Re1 cxd4 21. Bd2 Be6 22. Rf4 Qe7 23. Rxd4 c5 24. Rxd8 Rxd8
25. Qe3 h6 26. b3 Rd5 27. Bc3 Rg5 28. Qf4 Qb7 29. Qe4 Bd5 30. Qe8+ Kh7 31. Re7
Qa6+ 32. Ke1 Rxg2 33. Re2 Rg6 34. a4 Bf3 35. Re3 Qd6 36. Kf2 Qg3+ 37. Kf1 Qg1#
0-1

[Event "195th open MGU"]
[Site "Sofia"]
[Date "2017.11.04"]
[Round "1.2"]
[White "Andreev, Dobrotich"]
[Black "Simeonov, Daniel"]
[Result "1-0"]
[WhiteElo "1829"]
[BlackElo "1576"]
[PlyCount "33"]
[EventDate "2017.11.04"]
[EventType "swiss"]
[EventRounds "6"]
[EventCountry "BUL"]
[SourceDate "2008.07.28"]

1. e4 e5 2. Nf3 Nc6 3. Bb5 d6 4. d4 Bd7 5. dxe5 Nxe5 6. Nxe5 Bxb5 7. Nxf7 Qe7 (
{RR} 7... Kxf7 8. Qd5+ Ke7 9. Qxb5 b6 10. Nc3 Nf6 11. Bg5 a6 12. Qf5 Ke8 13.
Rd1 Be7 14. O-O Rf8 15. Bxf6 Bxf6 16. Qxh7 Qe7 17. Nd5 Qf7 18. c3 Rd8 19. Rfe1
Be5 20. Rf1 b5 21. Qf5 Bf6 22. Rfe1 {
Koerbel,T (1309)-Weber,S (1017)/Germany 2016/EXT 2017/1-0 (36)}) 8. Nxh8 Qxe4+
9. Be3 Qxg2 10. Qh5+ $146 ({RR} 10. Kd2 Nf6 11. Nc3 Bc4 ({RR} 11... Ne4+ 12.
Nxe4 Qxe4 13. Qh5+ g6 14. Qxb5+ c6 15. Qxb7 Qd5+ 16. Ke2 Qc4+ 17. Ke1 Rd8 18.
Qb3 Qxb3 19. axb3 Bg7 20. Rxa7 Bxh8 21. Rxh7 Bxb2 22. Rg1 {
1-0 Macedo,M (2112)-Eliezer,E/Joao Pessoa 2010/CBM 137 Extra}) 12. Qg1 Qc6 13.
Ng6 hxg6 14. Qxg6+ Bf7 15. Qf5 d5 16. Rae1 Be7 17. Bg5 Kf8 18. Kc1 Re8 19. Bxf6
Bxf6 20. Rxe8+ Kxe8 21. Re1+ Kd8 22. Qh3 b5 23. Qh8+ Kd7 24. Nxd5 Qxd5 {
Jaumandreu Llopis,A (1553)-Rodriguez Gomez,J (1709)/Madrid 2012/CBM 151 Extra/
0-1 (48)}) 10... Kd7 11. Qxb5+ Ke6 12. Qb3+ Kd7 13. Rf1 Nh6 14. Nc3 Re8 15.
O-O-O Qf3 16. Qb5+ Kd8 17. Rfe1 1-0

[Event "195th open MGU"]
[Site "Sofia"]
[Date "2017.11.04"]
[Round "1.3"]
[White "Mladenov, Andrey"]
[Black "Ivanov, Daniel"]
[Result "0-1"]
[WhiteElo "1552"]
[BlackElo "1758"]
[PlyCount "52"]
[EventDate "2017.11.04"]
[EventType "swiss"]
[EventRounds "6"]
[EventCountry "BUL"]
[SourceDate "2008.07.28"]

1. e4 e6 2. d4 b6 3. Nf3 Bb7 4. Bd3 d5 5. e5 Nd7 ({RR} 5... Qd7 6. Qe2 c5 7. c3
Ne7 8. O-O Nec6 9. Be3 cxd4 10. cxd4 Nb4 11. Bb5 Bc6 12. Nc3 Bxb5 13. Nxb5 a6
14. Nc3 Be7 15. Ng5 Bxg5 16. Bxg5 N4c6 17. Rad1 h6 18. Bh4 g5 19. Bg3 Ne7 20.
f3 {Matlakov,M (2694)-Pridorozhni,A (2556)/St Petersburg 2015/CBM 166 Extra/
1-0 (51)}) 6. O-O c5 ({RR} 6... f6 7. Re1 Ne7 8. exf6 Nxf6 9. Ng5 Bc8 10. Nxe6
Bxe6 11. Rxe6 Kf7 12. Rxf6+ Kxf6 13. Qf3+ Ke6 14. Nc3 c6 15. Bf4 g6 16. Re1+
Kd7 17. Qh3+ Ke8 18. Bxg6+ hxg6 19. Qxh8 Qd7 20. Qf6 Kd8 21. Qxf8+ {
Muhammed,S (1692)-Matsebula,Q (1301)/Baku 2016/EXT 2017/1-0}) 7. c3 Rc8 $146 ({
RR} 7... c4 8. Bc2 g6 ({RR} 8... b5 9. Qe2 Nb6 10. Bg5 Be7 11. Bxe7 Qxe7 12.
Nbd2 Bc6 13. a3 a5 14. Qe3 g6 15. Ng5 h5 16. h3 Nh6 17. Ndf3 O-O-O 18. Nh4 Rdg8
19. f4 a4 20. Rae1 Be8 21. Qg3 Nd7 22. Re2 Nb8 23. Ngf3 {
Colombo Berra,F (2225)-Tugnarelli,J/Mar del Plata 1992/EXT 1998/1/2 (45)}) 9.
a4 Bh6 10. Na3 Bc6 11. Re1 a6 12. Bxh6 Nxh6 13. Qd2 Ng8 14. Qf4 Qe7 15. b3 cxb3
16. Bxb3 h5 17. c4 dxc4 18. Nxc4 Nh6 19. Nd6+ Kf8 20. d5 Bxd5 21. Bxd5 exd5 22.
e6 {Michelberger,T-Bohne,L/Bellheim 1994/GER/1/2}) ({RR} 7... Ne7 8. Bf4 Nc6 9.
Nbd2 a6 10. Rc1 c4 11. Bc2 b5 12. b3 Nb6 13. Re1 a5 14. Ng5 h6 15. Nh3 b4 16.
Nb1 bxc3 17. Nxc3 Bb4 18. Bb1 Qe7 19. Rf1 Ba6 20. Ne2 Ba3 21. Rc2 Bb5 22. Bc1 {
Jansen,P (2070)-Rikumahu,F/Vlissingen 1997/CBM 058 Extra/0-1 (60)}) 8. Bg5 Be7
9. Bxe7 Nxe7 10. Na3 c4 11. Bc2 Bc6 12. Ng5 h6 13. Qh5 g6 14. Qh4 Nf5 15. Bxf5
Qxg5 16. Qxg5 hxg5 17. Bc2 Ke7 18. g3 Rh6 19. Kg2 Rch8 20. Rh1 Rh3 21. Nb1 g4
22. Nd2 g5 23. Nf1 f6 24. exf6+ Nxf6 25. Ne3 e5 26. dxe5 d4+ 0-1

[Event "195th open MGU"]
[Site "Sofia"]
[Date "2017.11.04"]
[Round "1.4"]
[White "Kostov, Nikolay"]
[Black "Dimova, Mariya"]
[Result "1-0"]
[WhiteElo "1631"]
[BlackElo "1434"]
[PlyCount "77"]
[EventDate "2017.11.04"]
[EventType "swiss"]
[EventRounds "6"]
[EventCountry "BUL"]
[SourceDate "2008.07.28"]

1. d4 d5 2. e3 Nf6 3. Bd3 Nc6 4. f4 Bg4 5. Nf3 e5 $146 ({RR} 5... e6 6. c3 ({RR
} 6. O-O Ne7 7. c3 Bxf3 8. Rxf3 Nf5 9. Qb3 Qc8 10. c4 Nd6 11. Nd2 Be7 12. Qc2
dxc4 13. Nxc4 Nxc4 14. Qxc4 O-O 15. b4 a5 16. b5 c5 17. Ba3 Rd8 18. dxc5 Nd7
19. Rc1 Nxc5 20. Bxc5 Qxc5 {
Piankov,E (2328)-Danilov,I (2374)/Pedrido 2004/EXT 2005/1/2 (58)}) ({RR} 6.
Nbd2 Bb4 7. c3 Bd6 8. Qe2 O-O 9. O-O Re8 10. h3 Bf5 11. e4 dxe4 12. Nxe4 Bxe4
13. Bxe4 Nxe4 14. Qxe4 f5 15. Qe2 a6 16. Re1 Qf6 17. Bd2 h6 18. Rad1 b5 19. a4
bxa4 20. Qc4 Nb8 {Lebel Arias,J (1802)-Aster,M/Baku 2016/CBM 174 Extra/1-0 (78)
}) 6... Bd6 ({RR} 6... Ne4 7. Nbd2 f5 8. Qb3 Nxd2 9. Bxd2 Bxf3 10. gxf3 Rb8 11.
Ke2 Be7 12. Rag1 O-O 13. Rg2 b5 14. Qd1 Na5 15. b3 Rf7 16. h4 c6 17. h5 Nb7 18.
Qg1 Kh8 19. e4 Nd6 20. e5 Nb7 21. Rg6 {Lee,F-Mason,J/London 1899/HCL/1-0 (39)})
7. h3 Bf5 8. Qc2 Ne7 9. g4 Bxd3 10. Qxd3 c6 11. Nbd2 Qc7 12. Ne5 O-O 13. Rg1 c5
14. Nf1 Ne4 15. Bd2 f6 16. Nf3 e5 17. dxe5 fxe5 18. f5 c4 19. Qc2 Nc5 20. O-O-O
{Lee,F-Showalter,J/Cable 1899/EXT 2002/1/2 (48)}) ({RR} 5... Ne4 6. c4 e6 7.
O-O Be7 8. Nc3 Nxc3 9. bxc3 dxc4 10. Bxc4 O-O 11. Rb1 Na5 12. Bd3 c5 13. Qc2 g6
14. Ne5 Bf5 15. e4 f6 16. exf5 fxe5 17. fxg6 exd4 18. Qe2 dxc3 19. Qxe6+ Kh8
20. Qh3 {Schroeder,H-Kunze,K/Leipzig 1951/EXT 2001/1-0}) 6. fxe5 Ne4 7. O-O Be7
8. c4 O-O 9. cxd5 Ng5 10. dxc6 Nxf3+ 11. gxf3 Bh3 12. cxb7 Rb8 13. Nc3 Bh4 14.
f4 g5 15. Qh5 f5 16. Qf3 g4 17. Qd5+ Qxd5 18. Nxd5 Rxb7 19. b3 c6 20. Nf6+ Bxf6
21. exf6 Rxf6 22. Rf2 h5 23. Bb2 h4 24. Bc4+ Kh7 25. d5 Rg6 26. dxc6 Re7 27.
Be5 Rxc6 28. Rd1 g3 29. Rc2 Rg6 30. Rd8 gxh2+ 31. Kxh2 Rxe5 32. fxe5 Rg3 33. e6
Rxe3 34. e7 Bg4 35. e8=Q Rh3+ 36. Kg1 Rg3+ 37. Rg2 Rxg2+ 38. Kxg2 h3+ 39. Kh2
1-0

[Event "195th open MGU"]
[Site "Sofia"]
[Date "2017.11.04"]
[Round "1.5"]
[White "Nenchev, Georgi"]
[Black "Grabchev, Plamen"]
[Result "1/2-1/2"]
[WhiteElo "1404"]
[BlackElo "1324"]
[PlyCount "69"]
[EventDate "2017.11.04"]
[EventType "swiss"]
[EventRounds "6"]
[EventCountry "BUL"]
[SourceDate "2008.07.28"]

1. Nf3 b6 2. c4 c5 3. Nc3 Bb7 4. d3 ({RR} 4. g3 Bxf3 5. exf3 Nc6 6. Bg2 g6 7.
O-O Bg7 8. f4 Nh6 9. a3 O-O 10. b4 Rc8 11. Rb1 Nf5 12. Ne4 Ncd4 13. d3 e6 14.
bxc5 bxc5 15. Bd2 d5 16. Nc3 dxc4 17. dxc4 Nd6 18. Qa4 Qe8 {
Nguyen,N (2567)-Kraai,J (2502)/Beijing 2008/CBM 126 Extra/1-0 (39)}) 4... h6
$146 ({RR} 4... e6 5. e4 ({RR} 5. Bf4 Nf6 ({RR} 5... d6 6. e3 Nf6 7. Be2 Be7 8.
h3 h6 9. O-O a6 10. Nd2 O-O 11. Bf3 d5 12. Re1 Bd6 13. cxd5 Bxf4 14. dxe6 Bxf3
15. exf7+ Kh8 16. Qxf3 Ra7 17. exf4 Raxf7 18. Rad1 Nh7 19. g3 g5 20. Qd5 {
Gates,C (1712)-Heredia,J (1778)/Montreal 2013/EXT 2014/0-1 (46)}) 6. e3 Be7 7.
Be2 O-O 8. O-O Nc6 9. h3 Rc8 10. Rc1 d5 11. d4 cxd4 12. cxd5 dxc3 13. dxc6 cxb2
14. cxb7 bxc1=Q 15. Qxc1 Rxc1 16. Rxc1 Bd6 17. Ba6 Bxf4 18. exf4 Qd6 19. Ne5
Nd7 {Cruz Pereyra,A (1947)-Cuellar Elisvan,D (2323)/Cochabamba 2013/CBM 154
Extra/0-1}) 5... Nc6 6. a3 Nge7 7. Bf4 a6 8. Bd6 Ng6 9. Bg3 d6 10. Be2 Be7 11.
h4 O-O 12. h5 Nge5 13. Nxe5 dxe5 14. O-O Bg5 15. f4 exf4 16. Bxf4 Bxf4 17. Rxf4
Ne5 18. Qe1 Qg5 19. Qf2 {
Luca,I (2050)-Pietruszewski,M (2163)/Shrivenham 2016/CBM 174 Extra/0-1 (38)})
5. e3 e6 6. Be2 a6 7. O-O Nc6 8. Ne4 d5 9. Ng3 dxc4 10. dxc4 Qxd1 11. Rxd1 Rd8
12. Rxd8+ Kxd8 13. b3 Be7 14. Bb2 Bf6 15. Bxf6+ Nxf6 16. Rd1+ Ke7 17. a3 Rd8
18. Rxd8 Kxd8 19. Nd2 Ne5 20. Nh5 Nxh5 21. Bxh5 g6 22. Be2 h5 23. e4 Kd7 24. f3
Bc6 25. Kf2 b5 26. h4 bxc4 27. bxc4 f5 28. Nb3 Kd6 29. exf5 exf5 30. Ke3 Ba4
31. Nd2 Bc6 32. Kf4 Nf7 33. g4 fxg4 34. fxg4 hxg4 35. Kxg4 1/2-1/2

[Event "195th open MGU"]
[Site "Sofia"]
[Date "2017.11.04"]
[Round "2.1"]
[White "Gelemerov, Yane"]
[Black "Kostov, Nikolay"]
[Result "1-0"]
[WhiteElo "1918"]
[BlackElo "1631"]
[PlyCount "75"]
[EventDate "2017.11.04"]
[EventType "swiss"]
[EventRounds "6"]
[EventCountry "BUL"]
[SourceDate "2008.07.28"]

1. e4 e5 2. Bc4 Nf6 3. Nc3 Nc6 4. d3 h6 5. f4 Bb4 6. Nf3 d6 7. O-O Bc5+ ({RR} 
7... O-O 8. Nd5 ({RR} 8. Qe1 Bc5+ 9. Kh1 a6 10. fxe5 dxe5 11. Qg3 Kh7 12. Nd5
Nh5 13. Qe1 Qd6 14. Qh4 Qg6 15. Nxc7 Rb8 16. Nd5 f5 17. Be3 Bd6 18. exf5 Bxf5
19. Qe1 e4 20. Nh4 Qg4 21. Nxf5 Rxf5 22. Rxf5 Ng3+ {
Gazikova,V (2213)-Shivacheva,D (2063)/Khanty-Mansiysk 2016/EXT 2017/1-0 (33)})
8... Bc5+ 9. Kh1 Bg4 {1/2 So,W (2531)-Dao,T (2530)/Manila 2007/CBM 122 Extra})
8. Kh1 Bg4 9. Bb5 $146 ({RR} 9. Na4 Bxf3 10. Rxf3 Nd4 11. Rg3 O-O 12. Nxc5 exf4
13. Nxb7 Qb8 14. Bxf4 g5 15. Bxg5 hxg5 16. Rxg5+ Kh7 17. Qe1 Kh8 18. Qh4+ Nh7
19. Rh5 Qe8 20. Rxh7+ Kg8 21. Rh8+ Kg7 22. Qh6# {
1-0 Witbrodt,J (1668)-Sliwicka,A/Chelmza 2009/EXT 2012}) 9... a6 10. Bxc6+ bxc6
11. fxe5 dxe5 12. Qe1 Bxf3 13. Rxf3 O-O 14. Qg3 Qd6 15. Rf5 Nd7 16. Bd2 Qg6 17.
Qh3 Rfd8 18. Raf1 f6 19. R1f3 Kf7 20. Rh5 Bf8 21. Be3 Ke8 22. Qe6+ Be7 23. Rhh3
c5 24. Nd5 Qf7 25. Nxc7+ Kf8 26. Qxf7+ Kxf7 27. Nxa8 Rxa8 28. Rf1 Rb8 29. b3
Nf8 30. Rhf3 Nd7 31. h4 Rb7 32. g4 Kg6 33. Kg2 Nb8 34. g5 Kh5 35. gxh6 gxh6 36.
Rg3 Nc6 37. Kh3 Nd4 38. Bxd4 1-0

[Event "195th open MGU"]
[Site "Sofia"]
[Date "2017.11.04"]
[Round "2.2"]
[White "Ivanov, Daniel"]
[Black "Andreev, Dobrotich"]
[Result "0-1"]
[WhiteElo "1758"]
[BlackElo "1829"]
[PlyCount "98"]
[EventDate "2017.11.04"]
[EventType "swiss"]
[EventRounds "6"]
[EventCountry "BUL"]
[SourceDate "2008.07.28"]

1. e4 c6 2. d4 d5 3. exd5 cxd5 4. Bd3 Nc6 5. c3 Nf6 6. Ne2 Bg4 7. f3 Bh5 8. Nf4
({RR} 8. O-O e6 9. Bf4 ({RR} 9. Bg5 Bd6 10. Bh4 Qb6 11. Qb3 Qc7 12. Bg3 Bg6 13.
Qc2 Bxg3 14. Nxg3 Nxd4 15. Qa4+ Nc6 16. Bxg6 hxg6 17. Nd2 Qb6+ 18. Rf2 O-O 19.
Nb3 Rac8 20. Rd1 Ne5 21. Qd4 Qxd4 22. Nxd4 a6 23. Nb3 Nc4 {
Gyovai,J (1273)-Boa,B (1688)/Hungary 2016/EXT 2017/0-1 (50)}) 9... Bd6 10. Nd2
Bg6 11. Nb3 {1/2 Minasian,A (2597)-Anastasian,A (2574)/Yerevan 2005/CBM 107})
8... Bg6 9. Nxg6 hxg6 10. Be3 $146 ({RR} 10. Qb3 Qd7 11. Be3 e6 12. Nd2 Bd6 13.
O-O-O Rc8 14. Kb1 Rxh2 15. Rxh2 Bxh2 16. Rh1 Bd6 17. g4 Ke7 18. Bg5 Qc7 19. Re1
Bg3 20. Re2 Kd7 21. Bb5 a6 22. Bxc6+ Qxc6 23. Nf1 Bd6 24. Ne3 Rh8 {
Garmannslund,V (1595)-Woldseth,O (1773)/Sotra 2002/EXT 2005/0-1 (31)}) ({RR} 
10. O-O e6 11. f4 Bd6 12. g3 Qc7 13. Kg2 O-O-O 14. Be3 Ne7 15. Qf3 Nf5 16. Bg1
Kb8 17. Nd2 Rh6 18. Rfc1 Rdh8 19. Bxf5 gxf5 20. c4 dxc4 21. Nxc4 Qd7 22. Rc2
Rc8 23. Rac1 Rhh8 24. h3 Rc7 {
Zhou,W (2310)-Liang,C (2560)/Hebei 2001/EXT 2002/1/2 (85)}) ({RR} 10. g4 Qc7
11. Qc2 e6 12. Be3 Bd6 13. h3 O-O-O 14. a4 Bf4 15. Qd2 Bxe3 16. Qxe3 Qg3+ 17.
Qf2 Rxh3 18. Qxg3 Rxg3 19. Kf2 Nh5 20. gxh5 Rg5 21. hxg6 fxg6 22. Nd2 e5 23.
Rag1 Rxg1 24. Rxg1 exd4 {Koutsogiannopoulou,T (1912)-Petrakis,E (1497)/
Heraklion 2015/CBM 167 Extra/1-0 (34)}) 10... Qc7 11. Qb3 O-O-O 12. Nd2 e5 13.
Bb5 exd4 14. cxd4 Na5 15. Qc3 Qxc3 16. bxc3 Bd6 17. Kf2 a6 18. Bd3 Rde8 19.
Rae1 Bxh2 20. Bg5 Rxe1 21. Rxe1 Nh5 22. Nf1 Bd6 23. Be7 Kd7 24. Bxd6 Kxd6 25.
Nd2 Nf4 26. Bf1 Rc8 27. Re3 Ne6 28. g3 Rc6 29. Nb3 Nc4 30. Bxc4 Rxc4 31. Rd3 b6
32. Ke3 Nc7 33. Nc1 Nb5 34. Ne2 Rc8 35. Kd2 Na3 36. Ke3 Rh8 37. f4 Rh1 38. Kf2
Nc4 39. g4 Ra1 40. Rh3 Rxa2 41. Rh7 Ke7 42. Rxg7 Kf8 43. Rh7 Kg8 44. Rh2 a5 45.
Kg3 Rc2 46. Kf3 a4 47. Rh1 a3 48. Ra1 a2 49. g5 Nd2+ 0-1

[Event "195th open MGU"]
[Site "Sofia"]
[Date "2017.11.04"]
[Round "2.3"]
[White "Simeonov, Daniel"]
[Black "Nenchev, Georgi"]
[Result "1-0"]
[WhiteElo "1576"]
[BlackElo "1404"]
[PlyCount "57"]
[EventDate "2017.11.04"]
[EventType "swiss"]
[EventRounds "6"]
[EventCountry "BUL"]
[SourceDate "2008.07.28"]

1. e4 e6 2. Nf3 d5 3. exd5 Qxd5 4. d4 Nf6 5. Be2 Be7 6. O-O O-O 7. c4 Qd8 8. a3
({RR} 8. Nc3 Nbd7 9. h3 b6 10. Be3 Bb7 11. Qc2 Re8 12. Rfd1 Nf8 13. a3 Ng6 14.
Ne5 {1/2 Colovic,D (2318)-Drazic,S (2406)/Novi Sad 2016/CBM 171 Extra}) 8... c5
9. Be3 $146 ({RR} 9. dxc5 Bxc5 10. b4 Be7 11. Bb2 a5 12. b5 Nbd7 13. Nc3 Qc7
14. Qc2 b6 15. Ne4 Bb7 16. Bd3 Nxe4 17. Bxe4 Bxe4 18. Qxe4 Bf6 19. Bxf6 Nxf6
20. Qe2 Rac8 21. Ne5 Nd7 22. Nc6 Nb8 23. Nxb8 Qxb8 {
Foyfopoylos,A (1515)-Vazelakis,D (1950)/Greece 2007/EXT 2008/1/2 (33)}) 9...
Qb6 10. dxc5 Qxb2 11. Bd4 Qxa1 12. Bxa1 Bxc5 13. Bxf6 gxf6 14. Qb3 Nc6 15. Rd1
e5 16. Nc3 Nd4 17. Nxd4 Bxd4 18. Nd5 Kh8 19. Nxf6 Bf5 20. Qxb7 Rad8 21. Qf3 Bg6
22. Nh5 f5 23. Qc6 f4 24. h3 Bc2 25. Rc1 Bf5 26. Bg4 Bb2 27. Qb7 Bd4 28. Qc6
Rd7 29. Bxf5 1-0

[Event "195th open MGU"]
[Site "Sofia"]
[Date "2017.11.04"]
[Round "2.4"]
[White "Grabchev, Plamen"]
[Black "Georgiev, Nikolay Zh."]
[Result "0-1"]
[WhiteElo "1324"]
[BlackElo "1588"]
[PlyCount "74"]
[EventDate "2017.11.04"]
[EventType "swiss"]
[EventRounds "6"]
[EventCountry "BUL"]
[SourceDate "2008.07.28"]

1. d4 d5 2. Nf3 Nf6 3. Bg5 Bg4 4. Bxf6 ({RR} 4. h3 Bh5 5. e3 e6 6. Bd3 Nbd7 7.
O-O Be7 8. c4 dxc4 9. Bxc4 O-O 10. Nc3 c6 11. Qd3 Bxf3 12. Bxf6 Nxf6 13. e4 Bh5
14. e5 Nd5 15. Qe4 Qd7 16. Bd3 Bg6 17. Qf3 Bxd3 18. Qxd3 Nxc3 {
Turak,L (2500)-Babinszki,M/Hungary 2010/EXT 2011/0-1 (36)}) 4... exf6 5. Nbd2
f5 $146 ({RR} 5... Nd7 6. g3 Bb4 7. c3 Ba5 8. Bg2 O-O 9. O-O c6 10. Rc1 Re8 11.
Re1 Bc7 12. b4 b5 13. a4 a6 14. Ra1 h6 15. Nb3 f5 16. Qc2 f4 17. Qd3 fxg3 18.
fxg3 Qe7 19. Kh1 Nb6 20. Ng1 {
Robert,V (1243)-Markus,M (1357)/Balatonlelle 2016/CBM 173 Extra/1/2 (52)}) 6.
h3 Bh5 7. a3 Bd6 8. e3 O-O 9. Be2 Re8 10. Nh2 Bxe2 11. Qxe2 f4 12. c4 fxe3 13.
fxe3 Qh4+ 14. Kd1 Bf4 15. Qg4 Bg3 16. Qxh4 Bxh4 17. Nhf3 Bf2 18. cxd5 Bxe3 19.
Re1 Nd7 20. Nc4 Bf4 21. Nfe5 Nf6 22. d6 b5 23. d7 Re7 24. Na5 Bxe5 25. Rxe5
Rxe5 26. dxe5 Nxd7 27. Nc6 a6 28. Kd2 Re8 29. Re1 Re6 30. Rc1 Nxe5 31. Nxe5
Rxe5 32. Rxc7 g6 33. b4 Kg7 34. Rc5 Rxc5 35. bxc5 Kf6 36. Kd3 Ke5 37. c6 Kd6
0-1

[Event "195th open MGU"]
[Site "Sofia"]
[Date "2017.11.04"]
[Round "2.5"]
[White "Dimova, Mariya"]
[Black "Mladenov, Andrey"]
[Result "0-1"]
[WhiteElo "1434"]
[BlackElo "1552"]
[PlyCount "74"]
[EventDate "2017.11.04"]
[EventType "swiss"]
[EventRounds "6"]
[EventCountry "BUL"]
[SourceDate "2008.07.28"]

1. e4 c5 2. Nf3 Nc6 3. c3 Nf6 4. d3 d5 ({RR} 4... g6 5. Nbd2 Bg7 6. a3 O-O 7.
Be2 d5 8. O-O Qc7 ({RR} 8... c4 9. exd5 cxd3 10. dxc6 dxe2 11. Qxe2 bxc6 12.
Re1 Nd5 13. Ne4 Qb6 14. c4 Ba6 15. Qc2 Nc7 16. Rb1 Ne6 17. Be3) 9. Re1 Rd8 ({RR
} 9... b6 10. Bf1 dxe4 11. dxe4 Bb7 12. Qc2 Rad8 13. b4 cxb4 14. cxb4 Rc8 15.
Rb1) 10. Bf1 e5 11. b4 c4) 5. e5 ({RR} 5. Nbd2 Bg4 ({RR} 5... e5 6. a3 Be7 7.
b4 a6 8. Be2 O-O 9. O-O Bg4 10. Bb2 Qc7 11. Re1 dxe4 12. dxe4 Rad8 13. Qc2 Nh5
14. Nc4) 6. Be2 e6 7. O-O Be7 8. Re1 O-O 9. Qc2 Qc7 10. Nf1 Rad8 ({RR} 10... c4
11. exd5 ({RR} 11. dxc4 dxe4 12. Ng5 Bf5 13. Ng3 Bd6 ({RR} 13... e3 14. Nxf5
exf2+ 15. Kxf2 exf5 16. Qxf5 Qxh2)) 11... cxd3 12. Bxd3 Bxf3 13. dxc6 Bxc6) 11.
Bg5 d4 12. N1d2 ({RR} 12. c4 Nxe4 13. Bxe7 Qxe7 14. dxe4 d3 15. Bxd3 Nb4) 12...
h6 13. Bh4 ({RR} 13. Bxf6 Bxf6 14. Nxd4 ({RR} 14. c4) ({RR} 14. cxd4 Bxf3 15.
Nxf3 Nxd4 16. Nxd4 Bxd4) 14... cxd4 15. Bxg4 dxc3 16. bxc3 Nb4) 13... dxc3 14.
bxc3 Nh5 15. Bxe7 Qxe7 16. g3 ({RR} 16. h3 Bxf3 17. Nxf3 Nf4) 16... Nf6 17.
Reb1 ({RR} 17. Rab1) ({RR} 17. e5 Nd7 18. d4 ({RR} 18. Bf1 f6 19. exf6 ({RR} 
19. Nh4 Ndxe5 20. f4 g5 21. fxe5 gxh4 22. exf6 Qxf6 23. Ne4 Qf5) 19... Qxf6 20.
Re4 Bf5 21. Re3 Nb4 22. Qb2 Nd5) 18... Nb6 19. Nb3 Bxf3 20. Bxf3 cxd4 21. cxd4
({RR} 21. Bxc6 d3) 21... Nxd4 22. Nxd4 Rxd4) 17... b6 18. Bf1 Nd7 19. a4 Qf6 {
Hickl,J (2565)-Hracek,Z (2605)/Bad Homburg 1997/CBM 060/[Har Zvi]/0-1 (37)} ({
RR} 19... Nde5 20. Nxe5 Nxe5 21. a5)) 5... Nd7 6. d4 e6 7. Bd3 ({RR} 7. Be3 Qb6
8. b3 cxd4 9. cxd4 Bb4+ 10. Ke2 f6 11. a3 Qa6+ 12. Qd3 Qxd3+ 13. Kxd3 fxe5 14.
Ng5 exd4 15. Bxd4 Nde5+ 16. Bxe5 Nxe5+ 17. Kc2 Be7 18. Bb5+ Bd7 19. Bxd7+ Kxd7
20. f4 Rac8+ 21. Kd2 Bxg5 {Ossa Ramirez,J (1697)-Munoz Galvez,J (2347)/
Villamaria 2016/CBM 173 Extra/0-1 (31)}) 7... cxd4 $146 ({RR} 7... Qb6 8. Bc2
cxd4 ({RR} 8... f6 9. O-O cxd4 10. cxd4 Be7 11. Nc3 a6 12. a3 Qc7 13. Bf4 fxe5
14. Nxe5 Ndxe5 15. Qh5+ Kd7 16. dxe5 Qd8 17. Nxd5 g6 18. Qh3 Nd4 19. Rad1 Ke8
20. Bxg6+ Kf8 21. Bh6+ Kg8 22. Bh5 Bg5 23. Nf6+ {
Corroto Jimenez,J (2051)-Baeza Escudero,J (1885)/Madrid 2007/EXT 2009/1-0}) 9.
cxd4 Nb4 10. O-O ({RR} 10. Nc3 Qa6 11. Bb1 Nb6 12. a3 Bd7 13. Ng1 Rc8 14. Nge2
Na8 15. O-O Nc7 16. Be3 b6 17. Qd2 Nc6 18. Bd3 Qb7 19. b4 a6 20. f4 g6 21. g4
h5 22. f5 gxf5 23. gxf5 Rg8+ 24. Kh1 exf5 {
Erkelenz,R (1943)-Naundorf,M (2026)/Dortmund 2004/EXT 2006/1-0 (51)}) 10...
Nxc2 11. Qxc2 Be7 12. Nc3 O-O 13. Rd1 Re8 14. Ne2 Nf8 15. b3 Bd7 16. Bb2 Ng6
17. Qd2 Rac8 18. Rac1 Qa6 19. Ba1 Ba3 20. Bb2 Bb5 21. Re1 Bxe2 22. Rxe2 {
Haddad,J-Tabbane,N/Buenos Aires 1978/EXT 2000/0-1 (34)}) 8. Bb5 dxc3 9. bxc3
Be7 10. Bf4 Qb6 11. Ba4 Qb2 12. O-O b5 13. Bb3 Qxa1 14. Qc2 b4 15. Ba4 Bb7 16.
a3 a5 17. Nfd2 bxa3 18. Nxa3 Qxa3 19. Be3 Nc5 20. Bb3 Nxb3 21. Nxb3 Qa4 22. f4
Qe4 23. Qd2 a4 24. Nc5 Bxc5 25. Bxc5 Kd7 26. Re1 Qc4 27. Qe3 a3 28. f5 a2 29.
fxe6+ fxe6 30. Ra1 Rhf8 31. Bxf8 Rxf8 32. Qb6 Rf1+ 33. Rxf1 Qxf1+ 34. Kxf1
a1=Q+ 35. Kf2 Qa6 36. Qc5 Qa7 37. Qxa7 Nxa7 0-1

[Event "195th open MGU"]
[Site "Sofia"]
[Date "2017.11.04"]
[Round "3.1"]
[White "Andreev, Dobrotich"]
[Black "Gelemerov, Yane"]
[Result "1/2-1/2"]
[WhiteElo "1829"]
[BlackElo "1918"]
[PlyCount "116"]
[EventDate "2017.11.04"]
[EventType "swiss"]
[EventRounds "6"]
[EventCountry "BUL"]
[SourceDate "2008.07.28"]

1. e4 e5 2. Nf3 Nc6 3. Bb5 Bc5 4. d3 d6 5. Be3 Bxe3 $146 ({RR} 5... Bb6 6. h3 (
{RR} 6. Bxb6 axb6 7. d4 exd4 8. Qxd4 Nf6 9. e5 dxe5 10. Qxe5+ Be6 11. Nc3 O-O
12. Bxc6 bxc6 13. O-O Re8 14. Rfd1 Qc8 15. Qd4 h6 16. a3 Bg4 17. Rd3 Bf5 18.
Rd2 Ne4 19. Nxe4 Rxe4 20. Qc3 Qe6 {
Langrock,H (2398)-Stocek,J (2559)/Rakovnik 2008/CBM 125 Extra/0-1 (54)}) ({RR} 
6. Nbd2 Nf6 ({RR} 6... Nge7 7. c3 O-O 8. Nc4 Bxe3 9. Nxe3 a6 10. Ba4 Bd7 11.
O-O Kh8 12. Nh4 g6 13. d4 Nc8 14. Nf3 Nb6 15. Bc2 f6 16. Qe2 Qe8 17. Rfe1 Qf7
18. Rad1 Rae8 19. d5 Ne7 20. Rd2 f5 21. Ng5 {
Dos Santos,N-Rios Filho,H (2168)/Rio de Janeiro 2014/CBM 158 Extra/0-1 (44)})
7. Qe2 O-O 8. h3 Bd7 9. Nc4 Nd4 10. Bxd4 Bxb5 11. Bxb6 axb6 12. O-O Re8 13. Ne3
d5 14. c4 dxc4 15. dxc4 Bc6 16. Rfd1 Qc8 17. Nd5 Bxd5 18. cxd5 Ra4 19. Nd2 Qd7
20. Nc4 b5 {
Suliborski,J (2092)-Stepien,J (1946)/Krakow 2016/CBM 170 Extra/0-1 (59)}) ({RR
} 6. c3 Nf6 7. h3 O-O 8. O-O Ne7 9. Nbd2 c6 10. Ba4 Ng6 11. d4 Qe7 12. Bc2 Rd8
13. Qe2 Nh5 14. Rfd1 Nhf4 15. Qf1 Qf6 16. Kh2 Be6 17. dxe5 dxe5 18. Ng1 Rd7 19.
a4 Rad8 20. Ndf3 Ne7 {Nedsevedski,G-Bogoljubow,E/Tallinn 1930/EXT 2016/1-0 (46)
}) 6... f5 7. exf5 Bxf5 8. Bxb6 axb6 9. d4 exd4 10. O-O Nge7 11. Nxd4 O-O 12.
Nxf5 Rxf5 13. Bd3 Rf6 14. Nc3 Qd7 15. Qd2 Raf8 16. Rae1 Kh8 17. Re3 Ne5 18. Rg3
Nf5 19. Bxf5 Rxf5 20. Nd1 {Duras,O-Prokes,L/Prague 1905/EXT 1999/1-0 (45)}) 6.
fxe3 Nf6 7. O-O O-O 8. Qe1 Ne7 9. Nbd2 Ng6 10. Nh4 Nxh4 11. Qxh4 Be6 12. Rf3
Ng4 13. Qg3 Qe7 14. Raf1 Nh6 15. d4 Rad8 16. d5 Bc8 17. Be2 f5 18. Bd3 fxe4 19.
Rxf8+ Rxf8 20. Rxf8+ Qxf8 21. Bxe4 Ng4 22. h3 Nf6 23. Qf3 b5 24. c3 Bb7 25. b3
g6 26. g4 Qf7 27. c4 Kg7 28. g5 Nxe4 29. Qxf7+ Kxf7 30. Nxe4 bxc4 31. bxc4 Ba6
32. Nd2 Bc8 33. h4 Bf5 34. e4 Bg4 35. c5 Ke7 36. Kf2 Bd1 37. Ke3 Bc2 38. Nc4
Bb1 39. a3 Ba2 40. Na5 dxc5 41. Nc6+ Kd6 42. Nxa7 Bc4 43. a4 Bb3 44. a5 Bc4 45.
Nc6 Bb5 46. Na7 Ba6 47. Kd2 Bf1 48. Nc6 Bb5 49. Nb8 c6 50. a6 Bxa6 51. Nxa6
cxd5 52. exd5 Kxd5 53. Ke3 e4 54. Nc7+ Ke5 55. Ne8 Kf5 56. Nf6 h6 57. Nxe4 hxg5
58. hxg5 c4 1/2-1/2